|
|
|
|
| LEADER |
00000nam0a2200000 4500 |
| 001 |
184384 |
| 005 |
20240202130952.0 |
| 035 |
|
|
|a (RuTPU)RU\TPU\book\199964
|
| 035 |
|
|
|a RU\TPU\book\63439
|
| 090 |
|
|
|a 184384
|
| 100 |
|
|
|a 20100907d2009 m y0rusy50 ca
|
| 101 |
0 |
|
|a rus
|
| 102 |
|
|
|a RU
|
| 105 |
|
|
|a y j 001zy
|
| 200 |
1 |
|
|a Интеллектуальная собственность и рынок
|e учебное пособие
|f Г. А. Барышева, Н. Н. Горюнова
|g Томский политехнический университет (ТПУ), Институт дистанционного образования (ИДО)
|
| 210 |
|
|
|a Томск
|c Изд-во ТПУ
|d 2009
|
| 215 |
|
|
|a 180 с.
|
| 320 |
|
|
|a Библиогр.: с. 174-177.
|
| 488 |
|
1 |
|0 (RuTPU)RU\TPU\book\207403
|t Интеллектуальная собственность и рынок
|o учебное пособие
|f Г. А. Барышева, Н. Н. Горюнова
|g Национальный исследовательский Томский политехнический университет (ТПУ)
|c Томск
|n Изд-во ТПУ
|d 2010
|a Барышева, Галина Анзельмовна
|
| 606 |
1 |
|
|a Рыночная экономика
|x Теория
|2 stltpush
|3 (RuTPU)RU\TPU\subj\26444
|9 50370
|
| 606 |
1 |
|
|a Интеллектуальная собственность
|x Право
|2 stltpush
|3 (RuTPU)RU\TPU\subj\12805
|9 39522
|
| 610 |
1 |
|
|a теория
|
| 610 |
1 |
|
|a промышленная собственность
|
| 610 |
1 |
|
|a право
|
| 610 |
1 |
|
|a коммерческая тайна
|
| 610 |
1 |
|
|a учебные пособия
|
| 610 |
1 |
|
|a труды учёных ТПУ
|
| 686 |
|
|
|a У011.31я73
|2 rubbk
|
| 686 |
|
|
|a Х623.3я73
|2 rubbk
|
| 700 |
|
1 |
|a Барышева
|b Г. А.
|c экономист
|c профессор Томского политехнического университета, доктор экономических наук
|f 1961-
|g Галина Анзельмовна
|3 (RuTPU)RU\TPU\pers\25765
|9 11658
|
| 701 |
|
1 |
|a Горюнова
|b Н. Н.
|c экономист
|c доцент Томского политехнического университета, кандидат экономических наук
|f 1979-
|g Наталия Николаевна
|3 (RuTPU)RU\TPU\pers\25554
|9 11484
|
| 712 |
0 |
2 |
|a Томский политехнический университет (ТПУ)
|b Институт дистанционного образования (ИДО)
|3 (RuTPU)RU\TPU\col\12625
|
| 801 |
|
1 |
|a RU
|b 63413507
|c 20040129
|g PSBO
|
| 801 |
|
2 |
|a RU
|b 63413507
|c 20181221
|g PSBO
|
| 942 |
|
|
|c BK
|